| 000 | 00419nam a22001337a 4500 | ||
|---|---|---|---|
| 008 | 131202b xxu||||| |||| 00| 0 eng d | ||
| 050 |
_aBX1750 _b.T93.N6 |
||
| 100 |
_aTyrell, George S.J. _94513 |
||
| 245 |
_aNotes on the Catholic Doctrine of Purity _cGeorge Tyrrell |
||
| 260 |
_aRoehampton _bManresa Press _c1897 |
||
| 300 |
_a96p; _c19cm. |
||
| 650 |
_aSexual ethics _x Catholic Church _94514 |
||
| 942 |
_2lcc _cMONOGRAPH |
||
| 999 |
_c118876 _d118876 |
||